Gemeinden und Städte im Kreis Plön - Statistiken

Allgemein
  • Dieses Quiz wurde 31 mal gespielt
  • Das Durchschnittsergebnis liegt bei 20 aus 86
Antwortstatistiken
Gemeinden und Städte % Korrekt
Plön
89%
Laboe
72%
Lütjenburg
72%
Preetz
67%
Mönkeberg
61%
Schönberg in Holstein
61%
Schwentinental
61%
Heikendorf
56%
Schönkirchen
56%
Ascheberg in Holstein
50%
Stein
50%
Hohwacht
44%
Selent
39%
Barsbek
33%
Fargau-Pratjau
33%
Giekau
33%
Großbarkau
33%
Panker
33%
Prasdorf
33%
Probsteierhagen
33%
Schellhorn
33%
Wankendorf
33%
Wendtorf
33%
Wisch
33%
Dannau
28%
Dobersdorf
28%
Hohenfelde
28%
Kalübbe
28%
Kirchbarkau
28%
Klein Barkau
28%
Krummbek
28%
Lutterbek
28%
Nettelsee
28%
Behrensdorf
22%
Bosau
22%
Brodersdorf
22%
Dersau
22%
Grebin
22%
Krokau
22%
Kühren
22%
Passade
22%
Rastorf
22%
Schlesen
22%
Schwartbuck
22%
Bösdorf in Holstein
17%
Fahren
17%
Höhndorf
17%
Honigsee
17%
Köhn
17%
Mucheln
17%
Rendswühren
17%
Stakendorf
17%
Stolpe
17%
Wahlstorf
17%
Blekendorf
11%
Boksee
11%
Bönebüttel
11%
Dörnick
11%
Lebrade
11%
Rantzau
11%
Rathjensdorf
11%
Stoltenberg
11%
Wittmoldt
11%
Barmissen
6%
Belau
6%
Bendfeld
6%
Bothkamp
6%
Großharrie
6%
Helmstorf
6%
Högsdorf
6%
Kirchnüchel
6%
Kletkamp
6%
Nehmten
6%
Postfeld
6%
Schillsdorf
6%
Tasdorf
6%
Warnau
6%
Flefbergen
0%
Klamp
0%
Lammershagen
0%
Lehmkuhlen
0%
Löptin
0%
Martenshagen
0%
Pohnsdorf
0%
Ruhwinkel
0%
Tröndel
0%
Keine übereinstimmenden Quizze gefunden
Verteilung der Resultate
Anzahl Personen mit jedem Resultat
Perzentil nach korrekt beantworteten Fragen
Ihre Resultats-Entwicklung
Sie haben dieses Quiz noch nicht gespielt